Estatísticas para Quiz sobre Brazil

Clique aqui para jogar o quiz

Estatísticas Gerais

  • Esse quiz foi jogado 11 vezes
  • A pontuação média é 3 de 25

Estatísticas das Respostas

HintResposta% Correto
capitalsao paulo
64%
aliadosargentina
55%
idiomaespanhol
45%
moedapeso
36%
cordilheiraandes
18%
inimigoschina
18%
esporte famoso 2criquete
9%
pais fronteirafranca
9%
esporte famosohoquei
9%
idioma 2italiano
9%
vestimenta comumjuliette
9%
primeiro reimanoel gomes
9%
comida tipicapizza
9%
continenteafrica
0%
estilo musical mais famosoaxe
0%
metodo de tortura famoso pela popularidadeescola
0%
pais terra-maeinglaterra
0%
comida tipica 2lasagna
0%
cidade mais populosalugano
0%
religiaomulcumano
0%
presidenteneymar
0%
flora famosapau-brasil
0%
rio famosorio poty
0%
estilo musical mais famoso 2rock
0%
maior cidade (tamanho)vaticano
0%

Distribuição das Pontuações

Percentil de Números Respondidos

Porcentagem de Pessoas com Cada Pontuação

Sua Pontuação Histórica

Você não jogou esse quiz